000 00312nam a2200121Ia 4500
008 241028s9999 xx 000 0 und d
041 _aeng
082 _a658.56 SMI
100 _aDiane Smith
245 _aPrinciples Of Product Management
260 _bStates Academic Press
_aUSA
_c2022
300 _a238;. P. 27 cm
999 _c42874
_d42874